Offshore wind sector strategy (Record no. 114840)

MARC details
000 -LEADER
fixed length control field 01084cad a22002055a 4500
001 - CONTROL NUMBER
control field L157566
008 - FIXED-LENGTH DATA ELEMENTS--GENERAL INFORMATION
fixed length control field 130122s2013 xxk f 000 0 eng d
035 ## - SYSTEM CONTROL NUMBER
System control number (Sirsi) u157566
041 0# - LANGUAGE CODE
Language code of text/sound track or separate title eng
110 2# - MAIN ENTRY--CORPORATE NAME
Corporate name or jurisdiction name as entry element United Kingdom
Subordinate unit Department for Business, Innovation and Skills
9 (RLIN) 5760
245 00 - TITLE STATEMENT
Title Offshore wind sector strategy
Remainder of title call for views
Medium [electronic resource]
260 ## - PUBLICATION, DISTRIBUTION, ETC.
Place of publication, distribution, etc. London
Name of publisher, distributor, etc. BIS
Date of publication, distribution, etc. 2013
520 ## - SUMMARY, ETC.
Summary, etc. Seeks views on the actions needed to be taken to promote in order to promote "innovation, investment and economic growth" in the UK based supply chain for offshore wind. Participants are invited to consider a number of questions on subjects including innovation, technology development and knowledge transfer. The consultation closes on 4 February 2013.
590 ## - LOCAL NOTE (RLIN)
Local note KA
651 #4 - SUBJECT ADDED ENTRY--GEOGRAPHIC NAME
Geographic name United Kingdom
690 ## - LOCAL SUBJECT ADDED ENTRY--TOPICAL TERM (OCLC, RLIN)
Topical term or geographic name as entry element Energy
9 (RLIN) 6237
690 ## - LOCAL SUBJECT ADDED ENTRY--TOPICAL TERM (OCLC, RLIN)
Topical term or geographic name as entry element Sustainability
9 (RLIN) 6271
856 40 - ELECTRONIC LOCATION AND ACCESS
Uniform Resource Identifier <a href="https://www.gov.uk/government/uploads/system/uploads/attachment_data/file/49738/Offshore_wind_sector_strategy_-_a_call_for_views.DOC">https://www.gov.uk/government/uploads/system/uploads/attachment_data/file/49738/Offshore_wind_sector_strategy_-_a_call_for_views.DOC</a>
Public note View the item free of charge at www.gov.uk
942 ## - ADDED ENTRY ELEMENTS (KOHA)
Suppress in OPAC 0
Holdings
Withdrawn status Lost status Source of classification or shelving scheme Damaged status Not for loan Home library Current library Shelving location Date acquired Total Checkouts Full call number Barcode Date last seen Copy number Price effective from Koha item type
    Dewey Decimal Classification     Virtual Virtual Online 22/01/2013   ONLINE PUBLICATION 157566-2001 06/08/2019 1 06/08/2019 Book